• AIU
  • Tony Wilmot Memorial Library

Microsoft Windows 2000 Professional (Record no. 58943)

MARC details
000 -LEADER
fixed length control field 01302cam a2200373 a 4500
001 - CONTROL NUMBER
control field 3332263
003 - CONTROL NUMBER IDENTIFIER
control field OSt
005 - DATE AND TIME OF LATEST TRANSACTION
control field 20160405020002.0
006 - FIXED-LENGTH DATA ELEMENTS--ADDITIONAL MATERIAL CHARACTERISTICS--GENERAL INFORMATION
fixed length control field m o d
008 - FIXED-LENGTH DATA ELEMENTS--GENERAL INFORMATION
fixed length control field 000511s2000 inua s 000 0 eng d
020 ## - INTERNATIONAL STANDARD BOOK NUMBER
Cancelled/invalid ISBN 0789721872
035 ## - SYSTEM CONTROL NUMBER
System control number (CtWfDGI)bks00000718
035 ## - SYSTEM CONTROL NUMBER
System control number (NNC)3332263
040 ## - CATALOGING SOURCE
Original cataloging agency CtWfDGI
Transcribing agency CtWfDGI
050 14 - LIBRARY OF CONGRESS CALL NUMBER
Classification number QA76.76.O63
Item number O33 2000
082 04 - DEWEY DECIMAL CLASSIFICATION NUMBER
Classification number 005.4/4769
Edition number 21
100 1# - MAIN ENTRY--PERSONAL NAME
Personal name O'Hara, Shelley.
9 (RLIN) 26488
245 00 - TITLE STATEMENT
Title Microsoft Windows 2000 Professional
Medium [electronic resource] /
Statement of responsibility, etc Shelley O'Hara.
246 16 - VARYING FORM OF TITLE
Title proper/short title Easy Microsoft Windows 2000 Professional
256 ## - COMPUTER FILE CHARACTERISTICS
Computer file characteristics Computer document.
260 ## - PUBLICATION, DISTRIBUTION, ETC. (IMPRINT)
Place of publication, distribution, etc [Indianapolis, Ind.] :
Name of publisher, distributor, etc Que,
Date of publication, distribution, etc c2000
Place of manufacture (Norwood, Mass. :
Manufacturer Books24x7.com [generator])
500 ## - GENERAL NOTE
General note Title from title screen.
516 ## - TYPE OF COMPUTER FILE OR DATA NOTE
Type of computer file or data note Text.
530 ## - ADDITIONAL PHYSICAL FORM AVAILABLE NOTE
Additional physical form available note Available also in a print ed.
538 ## - SYSTEM DETAILS NOTE
System details note Mode of access: Internet via World Wide Web.
550 ## - ISSUING BODY NOTE
Issuing body note Digitized and made available by: Books 24x7.com.
630 00 - SUBJECT ADDED ENTRY--UNIFORM TITLE
Uniform title Microsoft Windows (Computer file)
9 (RLIN) 25540
650 #0 - SUBJECT ADDED ENTRY--TOPICAL TERM
Topical term or geographic name as entry element Operating systems (Computers)
9 (RLIN) 26489
655 #7 - INDEX TERM--GENRE/FORM
Genre/form data or focus term Electronic books.
Source of term lcsh
9 (RLIN) 26490
710 2# - ADDED ENTRY--CORPORATE NAME
Corporate name or jurisdiction name as entry element Books24x7, Inc.
9 (RLIN) 25760
856 40 - ELECTRONIC LOCATION AND ACCESS
Uniform Resource Identifier <a href="http://www.columbia.edu/cgi-bin/cul/resolve?clio3332263">http://www.columbia.edu/cgi-bin/cul/resolve?clio3332263</a>
Public note Click here for full text.
942 ## - ADDED ENTRY ELEMENTS (KOHA)
Source of classification or shelving scheme Library of Congress Classification
Koha item type Books
Koha issues (borrowed), all copies 2
Holdings
Withdrawn status Lost status Source of classification or shelving scheme Damaged status Not for loan Collection code Home library Current library Shelving location Date acquired Source of acquisition Cost, normal purchase price Total Checkouts Full call number Barcode Date last seen Date checked out Copy number Price effective from Koha item type
    Library of Congress Classification     General Circulation AIU/NEGST - Tony Wilmot Memorial Library AIU/NEGST - Tony Wilmot Memorial Library General Stacks 04/25/2014 Donation - Mesfin Teshome 26.00 2 QA 76.76.O63 O33 2000 R28938X3232 09/26/2019 04/04/2016 1 04/25/2014 Books